Vietnam : Poverty Reduction Strategy Paper; Annual Progress Report.

Vietnam has adopted effective policies and measures to accelerate its economic growth rate and reduce poverty while sustaining economic reform, and trying to achieve goals and targets that are set in the Five-year Socio-economic Development Plan 2001-05. The annual progress report, named 'Vietn...

Descrición completa

Detalles Bibliográficos
Autor Corporativo: International Monetary Fund
Formato: Revista
Idioma:English
Publicado: Washington, D.C. : International Monetary Fund, 2006.
Series:IMF Staff Country Reports; Country Report ; No. 2006/340
Acceso en liña:Full text available on IMF
LEADER 01589cas a2200241 a 4500
001 AALejournalIMF009146
008 230101c9999 xx r poo 0 0eng d
020 |c 5.00 USD 
020 |z 9781451840377 
022 |a 1934-7685 
040 |a BD-DhAAL  |c BD-DhAAL 
110 2 |a International Monetary Fund. 
245 1 0 |a Vietnam :   |b Poverty Reduction Strategy Paper; Annual Progress Report. 
264 1 |a Washington, D.C. :  |b International Monetary Fund,  |c 2006. 
300 |a 1 online resource (160 pages) 
490 1 |a IMF Staff Country Reports 
500 |a <strong>Off-Campus Access:</strong> No User ID or Password Required 
500 |a <strong>On-Campus Access:</strong> No User ID or Password Required 
506 |a Electronic access restricted to authorized BRAC University faculty, staff and students 
520 3 |a Vietnam has adopted effective policies and measures to accelerate its economic growth rate and reduce poverty while sustaining economic reform, and trying to achieve goals and targets that are set in the Five-year Socio-economic Development Plan 2001-05. The annual progress report, named 'Vietnam, economic growth and poverty reduction' of 2004-05 provides a deeper analysis and evaluation of economic and poverty reduction achievements obtained during the implementation of the Comprehensive Poverty Reduction and Growth Strategy. 
538 |a Mode of access: Internet 
830 0 |a IMF Staff Country Reports; Country Report ;  |v No. 2006/340 
856 4 0 |z Full text available on IMF  |u http://elibrary.imf.org/view/journals/002/2006/340/002.2006.issue-340-en.xml  |z IMF e-Library